000 00845nmc a2200277 a 4500
003 AR-BaBNM
005 20251128211610.0
008 164120s2000 ||||||||||||||000 | spa||
020 _a84-7432-729-6
040 _cAR-BaBNM
245 1 0 _aBarcos, globos y videos en el aula
_benseñar ciencias como indagación
250 _a1ª ed.
260 _aBarcelona
_c2000
_bGedisa
300 0 _a190 p.
490 0 _aBiblioteca de educación. Didáctica especial
_vv. 2
650 4 _aINVESTIGACION EN LA CLASE
650 4 _aACTIVIDADES DE APRENDIZAJE
650 4 _aEXPERIMENTOS CIENTIFICOS
653 _aENSENANZA DE LAS CIENCIAS NATURALES
653 _aEXPERIENCIAS EDUCATIVAS
653 _aESTRATEGIAS DIDACTICAS
700 1 _aRosebery, Ann S.
_ecompilador
700 1 _aWarren, Beth
_ecompilador
942 _cBK
998 _cme-solo cat
999 _c20364
_d20364